Interfacial properties on the submicrometer scale / (Record no. 11805)

MARC details
000 -LEADER
fixed length control field 01780cam a22003734i 4500
001 - CONTROL NUMBER
control field 12105966
003 - CONTROL NUMBER IDENTIFIER
control field EG-ScBUE
005 - DATE AND TIME OF LATEST TRANSACTION
control field 20250720092642.0
008 - FIXED-LENGTH DATA ELEMENTS--GENERAL INFORMATION
fixed length control field 000714t2001 waua f b 101 0 eng d
020 ## - INTERNATIONAL STANDARD BOOK NUMBER
International Standard Book Number 0841236917 (alk. paper)
020 ## - INTERNATIONAL STANDARD BOOK NUMBER
International Standard Book Number 978084136912
040 ## - CATALOGING SOURCE
Original cataloging agency EG-ScBUE
Language of cataloging eng
Description conventions rda
Transcribing agency EG-ScBUE
Modifying agency EG-ScBUE
082 04 - DEWEY DECIMAL CLASSIFICATION NUMBER
Classification number 541.33
Edition number 22
Item number INT
245 00 - TITLE STATEMENT
Title Interfacial properties on the submicrometer scale /
Statement of responsibility, etc Jane Frommer, editor, IBM Research Division, René M. Overney, editor, University of Washington.
264 #1 - PUBLICATION, DISTRIBUTION, ETC. (IMPRINT)
Place of publication, distribution, etc Washington, D.C. :
Name of publisher, distributor, etc American Chemical Society,
Date of publication, distribution, etc [2001]
264 #4 - PUBLICATION, DISTRIBUTION, ETC. (IMPRINT)
Date of publication, distribution, etc c2001
300 ## - PHYSICAL DESCRIPTION
Extent xii, 343 pages :
Other physical details illustrations ;
Dimensions 24 cm.
336 ## - CONTENT TYPE
Source rdacontent
Content type term text
Content type code txt
337 ## - MEDIA TYPE
Media type term unmediated
Source rdamedia
Media type code n
338 ## - CARRIER TYPE
Carrier type term volume
Carrier type code nc
Source rdacarrier
490 0# - SERIES STATEMENT
Series statement ACS symposium series ;
Volume number/sequential designation 781
500 ## - GENERAL NOTE
General note "Developed from a symposium sponsored by the Division of Colloid and Surface Chemistry at the 218th National Meeting of the American Chemical Society, New Orleans, Louisiana, August 22-26, 1999"--T.p. verso.
504 ## - BIBLIOGRAPHY, ETC. NOTE
Bibliography, etc Includes bibliographical references and index.
650 #7 - SUBJECT ADDED ENTRY--TOPICAL TERM
Topical term or geographic name as entry element Surface chemistry
Form subdivision Congresses.
9 (RLIN) 6069
Source of heading or term BUEsh
650 #7 - SUBJECT ADDED ENTRY--TOPICAL TERM
Topical term or geographic name as entry element Interfaces (Physical sciences)
Form subdivision Congresses.
9 (RLIN) 6070
Source of heading or term BUEsh
655 ## - INDEX TERM--GENRE/FORM
Form subdivision Reading book
700 1# - ADDED ENTRY--PERSONAL NAME
Personal name Frommer, Jane,
9 (RLIN) 6071
Relator term editor.
700 1# - ADDED ENTRY--PERSONAL NAME
Personal name Overney, René M.,
Dates associated with a name 1959-
9 (RLIN) 6072
Relator term editor.
710 2# - ADDED ENTRY--CORPORATE NAME
Corporate name or jurisdiction name as entry element American Chemical Society.
Subordinate unit Division of Colloid and Surface Chemistry.
9 (RLIN) 6073
710 2# - ADDED ENTRY--CORPORATE NAME
Corporate name or jurisdiction name as entry element American Chemical Society.
Subordinate unit Meeting
Number of part/section/meeting (218th :
Date of meeting or treaty signing 1999 :
Location of meeting New Orleans, La.)
9 (RLIN) 6074
856 42 - ELECTRONIC LOCATION AND ACCESS
Materials specified Publisher description
Uniform Resource Identifier <a href="http://www.loc.gov/catdir/enhancements/fy0610/00059396-d.html">http://www.loc.gov/catdir/enhancements/fy0610/00059396-d.html</a>
856 41 - ELECTRONIC LOCATION AND ACCESS
Materials specified Table of contents only
Uniform Resource Identifier <a href="http://www.loc.gov/catdir/enhancements/fy0610/00059396-t.html">http://www.loc.gov/catdir/enhancements/fy0610/00059396-t.html</a>
942 ## - ADDED ENTRY ELEMENTS (KOHA)
Source of classification or shelving scheme Dewey Decimal Classification
Koha item type Book - Borrowing
Holdings
Withdrawn status Lost status Source of classification or shelving scheme Damaged status Not for loan Collection code Home library Current library Shelving location Date acquired Source of acquisition Cost, normal purchase price Total Checkouts Full call number Barcode Date last seen Koha item type
    Dewey Decimal Classification     Alef-Baa Central Library Central Library First floor 11/06/2009 Purchase 150.00   541.33 INT 000016778 15/07/2025 Book - Borrowing